| 000 | 00330cam a22001097a 4500 | ||
|---|---|---|---|
| 008 | 180718b xxu||||| |||| 00| 0 eng d | ||
| 082 | _aZ4706x54 A | ||
| 245 |
_aAgricultural labour in India: a compedium of basic facts, 1968 _cby Labour Bureau, India |
||
| 260 |
_a _bLabour Bureau _c |
||
| 300 | _a254+p. | ||
| 700 | _aIndia. Labour Bureau | ||
| 999 |
_c499591 _d499591 |
||